Business Regulatory Framework (Record no. 4934)

MARC details
000 -LEADER
fixed length control field 00348nam a2200145Ia 4500
008 - FIXED-LENGTH DATA ELEMENTS--GENERAL INFORMATION
fixed length control field 191201s2011 xx 000 0 und d
082 ## - DEWEY DECIMAL CLASSIFICATION NUMBER
Classification number 338.7
Item number OBB
100 ## - MAIN ENTRY--PERSONAL NAME
Personal name OBEROI,Pawan Kumar
245 #0 - TITLE STATEMENT
Title Business Regulatory Framework
250 ## - EDITION STATEMENT
Edition statement 1st
260 ## - PUBLICATION, DISTRIBUTION, ETC. (IMPRINT)
Place of publication, distribution, etc N. Delhi
Name of publisher, distributor, etc Global vision pub
Date of publication, distribution, etc 2011
300 ## - PHYSICAL DESCRIPTION
Extent 293
650 ## - SUBJECT ADDED ENTRY--TOPICAL TERM
Topical term or geographic name as entry element BBA
942 ## - ADDED ENTRY ELEMENTS (KOHA)
Source of classification or shelving scheme Dewey Decimal Classification
Koha item type Text Books
Holdings
Withdrawn status Lost status Source of classification or shelving scheme Damaged status Not for loan Collection code Home library Current library Date acquired Source of acquisition Cost, normal purchase price Bill Number Total Checkouts Full call number Acc. no. / Barcode Checked out Date last seen Date last borrowed Bill Date Koha item type Public note
    Dewey Decimal Classification     BBA PIET C-LIBRARY PIET C-LIBRARY 30/07/2011 The book company 240.00 IN-859 1 338.7 OBB 17926 21/07/2022 22/01/2022 22/01/2022 27/07/2011 Text Books .
    Dewey Decimal Classification     BBA PIET C-LIBRARY PIET C-LIBRARY 30/07/2011 The book company 240.00 IN-859   338.7 OBB 17927   04/12/2019   27/07/2011 Text Books  
    Dewey Decimal Classification     BBA PIET C-LIBRARY PIET C-LIBRARY 30/07/2011 The book company 240.00 IN-859   338.7 OBB 17928   04/12/2019   27/07/2011 Text Books  
    Dewey Decimal Classification     BBA PIET C-LIBRARY PIET C-LIBRARY 30/07/2011 The book company 240.00 IN-859   338.7 OBB 17929   04/12/2019   27/07/2011 Text Books  
    Dewey Decimal Classification     BBA PIET C-LIBRARY PIET C-LIBRARY 30/07/2011 The book company 240.00 IN-859   338.7 OBB 17930   04/12/2019   27/07/2011 Text Books  

Design & Developed by: PIET Central Library
R70 Miles Stone Pattikalyana Samalkha Panipat 132102
mail ID :- [email protected], Phone No:- 0180-2569700 Ex.216